Multidimensional discrete unitary transforms : representation partitioning and algorithms (Record no. 488191)

000 -LEADER
fixed length control field 00707cam a2200205 a 4500
020 ## - INTERNATIONAL STANDARD BOOK NUMBER
International Standard Book Number 9780824745967
040 ## - CATALOGING SOURCE
Modifying agency DLC
082 00 - DEWEY DECIMAL CLASSIFICATION NUMBER
Classification number 530.155723
Edition number 22
100 1# - MAIN ENTRY--PERSONAL NAME
Personal name Grigoryan, Artyom M.
245 10 - TITLE STATEMENT
Title Multidimensional discrete unitary transforms : representation partitioning and algorithms
Statement of responsibility, etc. Artyom M. Grigoryam, Sos S. Agaian.
260 ## - PUBLICATION, DISTRIBUTION, ETC.
Place of publication, distribution, etc. New York :
Name of publisher, distributor, etc. Marcel Dekker,
Date of publication, distribution, etc. c2003.
300 ## - PHYSICAL DESCRIPTION
Extent xiv, 521 p. :
Other physical details ill. ;
Dimensions 26 cm.
440 #0 - SERIES STATEMENT/ADDED ENTRY--TITLE
Title Signal processing and communications ;
504 ## - BIBLIOGRAPHY, ETC. NOTE
Bibliography, etc. note Includes bibliographical references (p. 515-517) and index.
650 #0 - SUBJECT ADDED ENTRY--TOPICAL TERM
Topical term or geographic name entry element Unitary transformations.
650 #0 - SUBJECT ADDED ENTRY--TOPICAL TERM
Topical term or geographic name entry element Discrete groups.
650 #0 - SUBJECT ADDED ENTRY--TOPICAL TERM
Topical term or geographic name entry element Unitary groups.
700 1# - ADDED ENTRY--PERSONAL NAME
Personal name Agaian, S. S.
942 ## - ADDED ENTRY ELEMENTS (KOHA)
Source of classification or shelving scheme
Koha item type Book
Holdings
Withdrawn status Lost status Damaged status Not for loan Collection code Permanent Location Current Location Shelving location Date acquired Source of acquisition Cost, normal purchase price Total Checkouts Full call number Barcode Date last seen Price effective from Koha item type
          Central Library (CL) Central Library (CL) General Stacks 11/12/2012 A&J DEF TEK Consultants 12083.47   530.155723 GRI SEECS011650 12/20/2012 09/26/2018 Book
© 2023 Central Library, National University of Sciences and Technology. All Rights Reserved.